Sports Quiz

Random Sports or Basketball Quiz

NBA Starting Point Guards of the Last Decade Quiz Stats

 Plays Quiz not verified by Sporcle

Score 0/300 Timer 10:00
20 Plays Today
Answer % Correct
Kyrie Irving
96.7%
Kyrie Irving
96.7%
Kyrie Irving
96.7%
Kyrie Irving
96.7%
Kyrie Irving
96.7%
Kyrie Irving
96.7%
Kyrie Irving
96.7%
Kyrie Irving
96.7%
Steph Curry
94.9%
Steph Curry
94.9%
Steph Curry
94.9%
Steph Curry
94.9%
Steph Curry
94.9%
Steph Curry
94.9%
Steph Curry
94.9%
Steph Curry
94.9%
Steph Curry
94.9%
Steph Curry
94.9%
Kemba Walker
94.5%
Kemba Walker
94.5%
Kemba Walker
94.5%
Kemba Walker
94.5%
Kemba Walker
94.5%
Kemba Walker
94.5%
Kemba Walker
94.5%
Chris Paul
93.7%
Chris Paul
93.7%
Chris Paul
93.7%
Chris Paul
93.7%
Chris Paul
93.7%
Chris Paul
93.7%
Chris Paul
93.7%
Chris Paul
93.7%
Chris Paul
93.7%
Chris Paul
93.7%
Russell Westbrook
91.1%
Russell Westbrook
91.1%
Russell Westbrook
91.1%
Russell Westbrook
91.1%
Russell Westbrook
91.1%
Russell Westbrook
91.1%
Russell Westbrook
91.1%
Russell Westbrook
91.1%
Russell Westbrook
91.1%
Russell Westbrook
91.1%
Derrick Rose
90.5%
Derrick Rose
90.5%
Derrick Rose
90.5%
Derrick Rose
90.5%
Derrick Rose
90.5%
Derrick Rose
90.5%
Derrick Rose
90.5%
Rajon Rondo
90.1%
Rajon Rondo
90.1%
Rajon Rondo
90.1%
Rajon Rondo
90.1%
Rajon Rondo
90.1%
Rajon Rondo
90.1%
Rajon Rondo
90.1%
Rajon Rondo
90.1%
Rajon Rondo
90.1%
John Wall
88.5%
John Wall
88.5%
John Wall
88.5%
John Wall
88.5%
John Wall
88.5%
John Wall
88.5%
John Wall
88.5%
John Wall
88.5%
John Wall
88.5%
Kyle Lowry
88.5%
Kyle Lowry
88.5%
Kyle Lowry
88.5%
Kyle Lowry
88.5%
Kyle Lowry
88.5%
Kyle Lowry
88.5%
Kyle Lowry
88.5%
Kyle Lowry
88.5%
Kyle Lowry
88.5%
Damian Lillard
87.7%
Damian Lillard
87.7%
Damian Lillard
87.7%
Damian Lillard
87.7%
Damian Lillard
87.7%
Damian Lillard
87.7%
Damian Lillard
87.7%
Isaiah Thomas
87.3%
Isaiah Thomas
87.3%
Isaiah Thomas
87.3%
Isaiah Thomas
87.3%
Isaiah Thomas
87.3%
Mike Conley
87.1%
Mike Conley
87.1%
Mike Conley
87.1%
Mike Conley
87.1%
Mike Conley
87.1%
Mike Conley
87.1%
Mike Conley
87.1%
Mike Conley
87.1%
Mike Conley
87.1%
Answer % Correct
Tony Parker
85.9%
Tony Parker
85.9%
Tony Parker
85.9%
Tony Parker
85.9%
Tony Parker
85.9%
Tony Parker
85.9%
Tony Parker
85.9%
Tony Parker
85.9%
Jeff Teague
85.8%
Jeff Teague
85.8%
Jeff Teague
85.8%
Jeff Teague
85.8%
Jeff Teague
85.8%
Jeff Teague
85.8%
Jeff Teague
85.8%
Jeff Teague
85.8%
Jeff Teague
85.8%
Trae Young
85.4%
Lonzo Ball
85.4%
Lonzo Ball
85.4%
Jamal Murray
82.5%
Jamal Murray
82.5%
Reggie Jackson
81%
Reggie Jackson
81%
Reggie Jackson
81%
Reggie Jackson
81%
Reggie Jackson
81%
Ricky Rubio
80.7%
Ricky Rubio
80.7%
Ricky Rubio
80.7%
Ricky Rubio
80.7%
Ricky Rubio
80.7%
Ricky Rubio
80.7%
Ricky Rubio
80.7%
Ricky Rubio
80.7%
Eric Bledsoe
80.4%
Eric Bledsoe
80.4%
Eric Bledsoe
80.4%
Eric Bledsoe
80.4%
Eric Bledsoe
80.4%
Eric Bledsoe
80.4%
Ben Simmons
80.2%
Ben Simmons
80.2%
Jarrett Jack
79.8%
Jarrett Jack
79.8%
Jarrett Jack
79.8%
Goran Dragic
79.3%
Goran Dragic
79.3%
Goran Dragic
79.3%
Goran Dragic
79.3%
Goran Dragic
79.3%
Goran Dragic
79.3%
Dennis Smith
78.7%
Dennis Smith
78.7%
D'Angelo Russell
78.3%
D'Angelo Russell
78.3%
D'Angelo Russell
78.3%
Ish Smith
77.4%
James Harden
75.6%
George Hill
75.3%
George Hill
75.3%
George Hill
75.3%
George Hill
75.3%
George Hill
75.3%
George Hill
75.3%
George Hill
75.3%
Jrue Holiday
73.6%
Jrue Holiday
73.6%
Jrue Holiday
73.6%
Jrue Holiday
73.6%
Jrue Holiday
73.6%
Jrue Holiday
73.6%
Jrue Holiday
73.6%
Jrue Holiday
73.6%
Deron Williams
73.6%
Deron Williams
73.6%
Deron Williams
73.6%
Deron Williams
73.6%
Deron Williams
73.6%
Deron Williams
73.6%
Deron Williams
73.6%
Mo Williams
73.3%
Mo Williams
73.3%
Mo Williams
73.3%
Collin Sexton
71.9%
De'Aaron Fox
71.6%
De'Aaron Fox
71.6%
Steve Nash
71.1%
Steve Nash
71.1%
Steve Nash
71%
Steve Nash
71%
Steve Nash
71%
Jason Kidd
70.8%
Jason Kidd
70.8%
Jason Kidd
70.8%
Dennis Schroder
69.6%
Dennis Schroder
69.5%
Kris Dunn
68.9%
Mario Chalmers
67.5%
Mario Chalmers
67.5%
Answer % Correct
Mario Chalmers
67.5%
Darren Collison
61.8%
Darren Collison
61.8%
Darren Collison
61.8%
Darren Collison
61.8%
Darren Collison
61.8%
Darren Collison
61.8%
Elfrid Payton
60.2%
Elfrid Payton
60.2%
Elfrid Payton
60.2%
Elfrid Payton
60.2%
Patrick Beverley
59.3%
Patrick Beverley
59.3%
Patrick Beverley
59.3%
Devin Booker
58.4%
Jeremy Lin
55.6%
Jeremy Lin
55.3%
D.J. Augustin
53%
D.J. Augustin
53%
D.J. Augustin
53%
Marcus Smart
52.1%
Derek Fisher
52%
Derek Fisher
52%
Patty Mills
49.5%
Ty Lawson
48.6%
Ty Lawson
48.6%
Ty Lawson
48.6%
Ty Lawson
48.6%
Ty Lawson
48.6%
Jameer Nelson
48.3%
Jameer Nelson
48.3%
Jameer Nelson
48.3%
Jameer Nelson
48.3%
Jameer Nelson
48.3%
Jameer Nelson
48.3%
Chauncey Billups
47.6%
Chauncey Billups
47.6%
Brandon Jennings
44.1%
Brandon Jennings
44.1%
Brandon Jennings
44.1%
Brandon Jennings
44.1%
Brandon Jennings
44.1%
Emmanuel Mudiay
43.4%
Emmanuel Mudiay
43.4%
Malcolm Brogdon
43.1%
Devin Harris
42.5%
Devin Harris
42.5%
Devin Harris
42.5%
Brandon Knight
41.3%
Brandon Knight
41.3%
Brandon Knight
41.3%
Jose Calderon
40.9%
Jose Calderon
40.9%
Jose Calderon
40.9%
Jose Calderon
40.9%
Jose Calderon
40.9%
Jose Calderon
40.9%
Gilbert Arenas
39.9%
Jordan Clarkson
38.8%
Mike Bibby
37.8%
Mike Bibby
37.8%
Kirk Hinrich
36.9%
Raymond Felton
35.8%
Raymond Felton
35.8%
Raymond Felton
35.8%
Raymond Felton
35.8%
Spencer Dinwiddie
35.2%
Michael Carter-Williams
33.7%
Michael Carter-Williams
33.7%
Michael Carter-Williams
33.7%
Baron Davis
33.6%
Baron Davis
33.6%
Baron Davis
33.6%
Bryn Forbes
32%
Shai Gilgeous-Alexander
30.6%
Aaron Brooks
27.2%
Milos Teodosic
27.1%
Jonny Flynn
23.3%
Trey Burke
22.8%
Tyler Ulis
22.5%
T.J. McConnell
21.8%
Ryan Arcidiacono
21.4%
Andre Miller
20.5%
Andre Miller
20.5%
Dante Exum
19.1%
Rodney Stuckey
19%
Rodney Stuckey
19%
Tim Frazier
18.7%
Andrew Harrison
18.4%
Ramon Sessions
17%
Yogi Ferrell
15.1%
Luke Ridnour
11.8%
Tony Wroten
10.5%
Rafer Alston
10.4%
Raul Neto
10.4%
Beno Udrih
9.5%
Beno Udrih
9.5%
Earl Watson
8.8%
Greivis Vasquez
8.3%
Chris Duhon
7%

You're not logged in!

Compare scores with friends on all Sporcle quizzes.
OR
Log In

You Might Also Like...

Show Comments

Extras

Top Quizzes Today


Score Distribution

Your Account Isn't Verified!

In order to create a playlist on Sporcle, you need to verify the email address you used during registration. Go to your Sporcle Settings to finish the process.

Report this User

Report this user for behavior that violates our Community Guidelines.

Details: